| 000 | 00372 a2200169 4500 | ||
|---|---|---|---|
| 001 | 74292 | ||
| 020 | _a2621427-6 | ||
| 040 | _cAnchieta - Colégio São Paulo | ||
| 100 | _aWeiss, Luise | ||
| 240 | 1 | 0 |
_aBrinquedos & Engenhocas _lpor |
| 245 | 1 | 0 | _aBrinquedos & Engenhocas |
| 300 | _a143 | ||
| 362 | 0 | _a1989 | |
| 440 | 1 | _aScipione | |
| 650 | 4 | _aEducação | |
| 942 | _cBK | ||
| 999 |
_c74292 _d74292 |
||